| 000 | 00658nam a2200157 4500 | ||
|---|---|---|---|
| 999 |
_c16363 _d16363 |
||
| 008 | 220118b ||||| |||| 00| 0 eng d | ||
| 022 | _a0893-8989 | ||
| 082 | _aDPer 363.205 P75 Sept 2013-May 2016 v. 37 & 40, n. 9-11/1-5 | ||
| 100 |
_aStephens, Derek. _943812 |
||
| 245 |
_aUnderstanding the OODA loop: _bthe key to acting more quickly than your adversary is to make it unconscious response/ _cDerek Stephens. |
||
| 260 |
_aCalifornia: _bBobit Business Media, _c©Sept 2013-May 2016. |
||
| 300 |
_av37 n9, pages 54-57; _billustrations; _c27 cm. |
||
| 500 | _aPolice: the law enforcement magazine. | ||
| 650 |
_aPolice _xTraining. _943813 |
||
| 942 |
_2ddc _cPER |
||